000 00680cab a2200241 4500
001 ABS59304
008 090401t1998 xxu||||| |||| 00| 0 eng d
035 _a(Sirsi) u88562
041 _aeng
100 _aIves, P.
245 _aOffice to residential conversions - is it the end of the cycle or a pause?
260 _c1998
350 _a0
490 _aProperty Forecast
_v1(6) September 1998, 6-7(2)
520 _aConsiders the development of office to residential conversions in London. Chart.
650 _aDEVELOPMENT
650 _aLONDON
650 _aOFFICES
650 _aRESIDENTIAL CONVERSIONS
690 _aHOUSING
942 _n0
948 _c21/09/1998
999 _c55971
_d55971